| 000 -ლიდერი |
| ფიქსირებული სიგრძის საკონტროლო ველი |
01638nam a2200301Ia 4500 |
| 001 - საკონტროლო ნომერი |
| საკონტროლო ველი |
8233 |
| 003 - საკონტროლო ნომრის იდენტიფიკატორი |
| საკონტროლო ველი |
GE_BSU |
| 005 - ბოლო ოპერაციის თარიღი და დრო |
| საკონტროლო ველი |
20240410175503.0 |
| 008 - ფიქსირებული სიგრძის მონაცემთა ელემენტები - ზოგადი ინფორმაცია |
| ფიქსირებული სიგრძის საკონტროლო ველი |
181216s2008||||ge |||||||||||||| ||geo|| |
| 040 ## - კატალოგიზაციის წყარო |
| Transcribing agency |
GE_BSU |
| 041 ## - ენის კოდი |
| Language code of text/sound track or separate title |
geo |
| 080 ## - უნივერსალური ათობითი კლასიფიკაციის ინდექსი |
| Universal Decimal Classification number |
338.488.2 ხ–27 |
| 100 ## - მთავარი ჩანაწერი - პიროვნების სახელი |
| Personal name |
ხარტიშვილი, ლელა |
| 9 (RLIN) |
3294 |
| 245 ## - ცნობა სათაურის შესახებ |
| Title |
ტურიზმი სოფლად : |
| Remainder of title |
დამხმ. სახელმძღვ. ოჯახური სასტუმრო სახლების მფლობელთათვის / |
| Statement of responsibility, etc |
[ავტ. ლ. ხარტიშვილი ; რედ. მანანა გიგაური ; რედკოლ. : მარიამ ჯორჯაძე, თამაზ დუნდუა ; ფოტ. : ია ებრალიძე [და სხვ.] |
| 264 ## - წარმოების, გამოცემის, დისტრიბუციის და სხვა ცნობები |
| გამოცემის, წარმოების, დისტრიბუციის... ადგილი |
თბილისი : |
| გამოცემის, წარმოების, დისტრიბუციის... სახელწოდება |
ელკანა, |
| გამოცემის, წარმოების, დისტრიბუციის... თარიღი |
2008. |
| 300 ## - ფიზიკური აღწერა |
| Extent |
36 გვ. : |
| Other physical details |
ილ. ; |
| Dimensions |
20 სმ. |
| 500 ## - ზოგადი შენიშვნა |
| General note |
გარეკანზე ავტორი მითითებული არ არის |
| 500 ## - ზოგადი შენიშვნა |
| General note |
დანართები : გვ. 32-34 |
| 500 ## - ზოგადი შენიშვნა |
| General note |
განმარტ. ლექსიკონი : გვ. 35 |
| 504 ## - BIBLIOGRAPHY, ETC. NOTE |
| Bibliography, etc |
ბიბლიოგრ. : გვ. 36 |
| 653 ## - INDEX TERM--UNCONTROLLED |
| Uncontrolled term |
ტურიზმი სოფლად |
| 653 ## - INDEX TERM--UNCONTROLLED |
| Uncontrolled term |
ტურიზმის ეკონომიკა |
| 653 ## - INDEX TERM--UNCONTROLLED |
| Uncontrolled term |
საოჯახო ტურიზმი |
| 653 ## - INDEX TERM--UNCONTROLLED |
| Uncontrolled term |
საოჯახო სასტუმროები |
| 700 ## - ADDED ENTRY--PERSONAL NAME |
| Personal name |
გიგაური, მანანა |
| Relator term |
რედაქტორი |
| 9 (RLIN) |
3295 |
| 942 ## - ADDED ENTRY ELEMENTS (KOHA) |
| Koha item type |
წიგნი |
| Source of classification or shelving scheme |
|